LEADER 01058nam2-2200373---450- 001 990003392300203316 005 20150123130718.0 035 $a000339230 035 $aUSA01000339230 035 $a(ALEPH)000339230USA01 035 $a000339230 100 $a20100428d2010----km-y0itay50------ba 101 $aeng 102 $aUS 105 $aa---||||001yy 200 1 $aLiposomes$emethods and protocols$fedited by Volkmar Weissig 210 $aNew York$cHumana Press$d2010 215 $av.$d24 cm 225 2 $aMethods in molecular biology 410 0$1001000336582$aMethods in molecular biology 606 0 $aLiposomi$2BNCF 676 $a572.7 702 1$aWEISSIG,$bVolkmar 801 0$aIT$bsalbc$gISBD 912 $a990003392300203316 951 $a572.7$bFarm.$c572 959 $aBK 969 $aFAR 979 $aPAOLA$b90$c20100428$lUSA01$h1347 979 $aPAOLA$b90$c20100428$lUSA01$h1349 979 $aPAOLA$b90$c20100428$lUSA01$h1349 979 $aPATRY$b90$c20150123$lUSA01$h1307 996 $aLiposomes$983649 997 $aUNISA LEADER 01156nam--2200361---450- 001 990005992330203316 005 20141222122827.0 010 $a978-88-8334-920-1 035 $a000599233 035 $aUSA01000599233 035 $a(ALEPH)000599233USA01 035 $a000599233 100 $a20141222d2013----km-y0itay50------ba 101 0 $aita 102 $aIT 105 $aa|||||||001yy 200 1 $aAttentato alla Sinagoga$eRoma, 9 ottobre 1982$eil conflitto israelo-palestinese e l'Italia$fArturo Marzano, Guri Schwarz 210 $aRoma$cViella$d2013 215 $a237 p.$cill.$d21 cm 225 2 $a<> storia$iTemi$v30 410 0$12001$a<> storia$iTemi$v30 606 0 $aSinagoga di Roma$xAttentati [da parte dei] Terroristi palestinesi$z1982$2BNCF 676 $a364.15230945632 700 1$aMARZANO,$bArturo$f<1973- >$0619638 701 1$aSCHWARZ,$bGuri$0473918 801 0$aIT$bsalbc$gISBD 912 $a990005992330203316 951 $aX.3.B. 7351$b9943 L.G.$cX.3.$d365390 959 $aBK 969 $aUMA 979 $aANNAMARIA$b90$c20141222$lUSA01$h1228 996 $aAttentato alla Sinagoga$91078021 997 $aUNISA